000 00860nas a2200277 4500
001 BR0604161
003 BR-BrBNA
005 20231205110411.0
007 ta
008 230509b bl.|||p| |||| 00| 00por d
040 _aBR-BrBNA
_bpor
_cBiblioteca Nacional de Agricultura
041 _a(Pt)
072 _aP33
100 1 _aSilva, E.M. da
100 1 _aLima, J.E.F.W.
100 1 _aAzevedo, J.A. de
100 1 _aRodrigues, L.N.
245 1 _aValores de tensão na determinação da curva de retenção de água de solos do cerrado
650 _aRETENÇÃO DE ÁGUA NO SOLO
650 _aCENTRIFUGAÇÃO
650 _aFÍSICA DO SOLO
650 _aCERRADO
773 0 _tPesquisa Agropecuária Brasileira (Brazil)
_xISSN 0100-204X
_g(Feb 2006), v. 41(2) p. 323-330
_wBR0604161
909 _a202311
_bLúcia
_c55
_dLúcia Elande
942 _2AGRIS
_n0
_cANA
999 _c187244
_d187244